000 00734cam a22002293a 4500
001 31255
003 PGUSA
005 20140828083657.0
008 100211s2010||||xxu|||||s|||||000 | eng d
040 _aPGUSA
_beng
042 _adc
050 4 _aE151
100 1 _aScarborough, W. S.
_q(William Sanders),
_d1852-1926
245 1 4 _aThe Educated Negro and His Mission :
_bThe American Negro Academy. Occasional Papers No. 8
_h[electronic resource] /
_cW. S. Scarborough
260 _bProject Gutenberg,
_c2010
506 _aPublic domain in the USA.
516 _aElectronic text
653 _aAfrican Americans -- Education
830 0 _aProject Gutenberg
_v31255
856 4 0 _uhttp://www.gutenberg.org/ebooks/31255
942 _cEB
999 _c260510
_d260510